Which City in North and South Dakota? - Statistics

General Stats
  • This quiz has been taken 17 times
  • The average score is 12 of 17
Answer Stats
Description Letter City % Correct
Third-largest city in South Dakota, as well as Scotland A Aberdeen
100%
State capital of North Dakota B Bismarck
100%
Namesake of a 1996 film starring Steve Buscemi and Frances McDormand F Fargo
100%
State capital of South Dakota, as well as a common first name in French P Pierre
100%
Most populous city in South Dakota S Sioux Falls
100%
Considered the primary gateway to the Black Hills R Rapid City
86%
Formerly a lawless gold rush town that inspired an HBO drama D Deadwood
71%
Home to the University of North Dakota G Grand Forks
71%
Its population nearly doubled to 29,000 from 2010–2025, thanks to an oil boom W Williston
64%
This city's nearby air force base is home to the 5th Bomb Wing, important in the instance of a nuclear attack M Minot
57%
Known for having a palace decorated with corn M Mitchell
57%
Mostly famous for a drug store that gets 2 million visitors annually W Wall
57%
Located on the James River. Put your thinking cap on. J Jamestown
50%
Home to the University of South Dakota V Vermillion
50%
Mount Rushmore tourists usually enter through this small resort town K Keystone
43%
If you've played GTA V, this city's name appears in one of the fictional states Y Yankton
36%
For a while, it was considered the geographic center of North America R Rugby
21%
No matching quizzes found
Score Distribution
Percent of People with Each Score
Percentile by Number Answered
Your Score History
You have not taken this quiz